Statystyki dla Formy ochrony przyrody

Kliknij tutaj aby rozwiązać quiz!

Ogólne statystyki

  • Ten quiz został rozwiązany 16 razy
  • Średni wynik to 5 z 5

Statystyki odpowiedzi

Odpowiedź% Poprawnych
ParkiNarodowe
100%
RezerwatyPrzyrody
100%
PomnikiPrzyrody
100%
ParkiKrajobrazowe
93%
OchronaGatunkowa
60%

Rozkład punktacji

Percentyl według liczby udzielonych odpowiedzi

Procent ludzi z każdym wynikiem

Twoja historia wyników

Nie rozwiązałeś tego quizu